[Event "London Classic op"]
[Site "London"]
[Date "2017.12.04"]
[Round "4"]
[White "Perez Bolanos, David"]
[Black "Ainsworth, George"]
[Result "0-1"]
[WhiteElo "1496"]
[BlackElo "1734"]
[PlyCount "126"]
[EventDate "2017.12.02"]
[EventType "swiss"]
[EventRounds "9"]
[EventCountry "ENG"]
[SourceTitle "CBM 182 Extra"]
[Source "ChessBase"]
[SourceDate "2018.02.23"]
[SourceVersion "1"]
[SourceVersionDate "2018.02.23"]
[SourceQuality "1"]

1. d4 d5 2. c4 e6 3. Nc3 c5 4. cxd5 cxd4 5. Qxd4 Nc6 6. Qd1 exd5 7. Qxd5 Be6 8. Qxd8+ Rxd8 9. e3 Nb4 10. Bb5+ Ke7 11. Ba4 Bc4 12. Nge2 b5 13. Bd1 Nd3+ 14. Kf1 b4 15. Na4 g6 16. g3 Bg7 17. Kg2 g5 18. Bb3 Bb5 19. Nd4 Bxd4 20. exd4 Rxd4 21. Bxg5+ f6 22. Be3 Rd7 23. Nc5 Nxc5 24. Bxc5+ Kd8 25. Rhd1 Nh6 26. Rxd7+ Kxd7 27. Rd1+ Kc7 28. Bxb4 Re8 29. a4 Bc6+ 30. Kg1 Kb7 31. Bd5 Re2 32. Bxc6+ Kxc6 33. Rd6+ Kb7 34. Rd2 Rxd2 35. Bxd2 Ng4 36. h3 Ne5 37. Kf1 Kc6 38. Ke2 f5 39. Be3 a6 40. Kd2 Kd5 41. Kc3 a5 42. Bb6 Nc6 43. f3 h6 44. g4 Ne5 45. f4 fxg4 46. fxe5 gxh3 47. Bg1 Kxe5 48. Kc4 Kf4 49. Kb5 Kg3 50. Kxa5 Kg2 51. Be3 h2 52. Bxh6 h1Q 53. Bd2 Qh5+ 54. Kb6 Qg6+ 55. Kb5 Qe8+ 56. Kb4 Qe7+ 57. Kc4 Qc7+ 58. Kb4 Qd6+ 59. Kc3 Qc5+ 60. Kb3 Qd5+ 61. Kc3 Qa5+ 62. Kc2 Qxa4+ 63. b3 Qb5 0-1